000 00460nam a2200181Ia 4500
001 17683
005 20260306171535.0
008 260306s9999||||xx |||||||||||||| ||und||
041 _aESP
082 _a658.15
_bD97 2013
100 _aDumrauf, Guillermo L.
_eAUT
245 0 _aFinanzas corporativas:
_bun enfoque latinoamericano
260 _c2013
300 _axxx, 757 páginas :
_c24 cm.
650 _aGEN
654 _aCAN
942 _cLIB
_dJUS
_fJUS
_2ddc
_n
999 _c17683
_d17683